000 00581nam a2200193Ia 4500
008 230125s9999 xx 000 0 und d
020 _a0-38 5-50445-4
041 _aeng
082 _a658.8342
_bSEW/BRO
100 _aSewell C
_9108842
245 _aCustomers For Life
_bHow To Turn That One Time Buyer into a Lifetime Customer
260 _c1990
_bcurrency Books
_aNew York
300 _a210p
500 _aAdvertising,Consumer behaviour
500 _aCustomer relationship
650 _aMarketing Management
700 _aSewell C & Brown P B
_9108843
999 _c85583
_d85583